Expedition Naga: diaries from the hills in Northeast India 1921-1937. 2002-2006 (Record no. 6412)
[ view plain ]
| 000 -LEADER | |
|---|---|
| fixed length control field | 00493nam a2200169Ia 4500 |
| 020 ## - INTERNATIONAL STANDARD BOOK NUMBER | |
| ISBN | 9788189497163 |
| 082 ## - DEWEY DECIMAL CLASSIFICATION NUMBER | |
| Classification number | RR 305.800954165 HAM |
| 100 ## - MAIN ENTRY--AUTHOR NAME | |
| Personal name | Ham, Peter Van |
| 245 #0 - TITLE STATEMENT | |
| Title | Expedition Naga: diaries from the hills in Northeast India 1921-1937. 2002-2006 |
| 260 ## - PUBLICATION, DISTRIBUTION, ETC. (IMPRINT) | |
| Place of publication | New Delhi |
| Name of publisher | Timeless Books |
| Year of publication | 2006 |
| 300 ## - PHYSICAL DESCRIPTION | |
| Number of Pages | 295 |
| 504 ## - BIBLIOGRAPHY, ETC. NOTE | |
| Bibliography, etc | includes bibliography |
| 650 ## - SUBJECT ADDED ENTRY--TOPICAL TERM | |
| Topical Term | India, North east |
| Form subdivision | History |
| 650 ## - SUBJECT ADDED ENTRY--TOPICAL TERM | |
| Topical Term | Naga (South Asian people) |
| Geographic subdivision | India |
| 700 ## - ADDED ENTRY--PERSONAL NAME | |
| Personal name | Saul, Jamie |
| 942 ## - ADDED ENTRY ELEMENTS (KOHA) | |
| Koha item type | Books |
| Withdrawn status | Lost status | Damaged status | Not for loan | Home library | Current library | Date acquired | Source of acquisition | Bill Date | Full call number | Accession Number | Price effective from | Koha item type |
|---|---|---|---|---|---|---|---|---|---|---|---|---|
| NASSDOC Library | NASSDOC Library | 17/02/2009 | BATRA | 2008-12-30 | RR 305.800954165 HAM | 45057 | 18/04/2019 | Books |
